Catálogo público

Pruebas in vitro de extractos vegetales de cinco plantas contra Haemonchus contortus / (Record no. 217453)

MARC details
000 -CABECERA
campo de control de longitud fija 02747nmm a2200277 a 4500
003 - IDENTIFICADOR DEL NÚMERO DE CONTROL
campo de control OSt
005 - FECHA Y HORA DE LA ÚLTIMA TRANSACCIÓN
campo de control 20260210111306.0
007 - CAMPO FIJO DE DESCRIPCIÓN FÍSICA--INFORMACIÓN GENERAL
campo de control de longitud fija cr ||||||a|c|a
008 - DATOS DE LONGITUD FIJA--INFORMACIÓN GENERAL
campo de control de longitud fija 220811s2018 mx a|||fom||| 001 0 spa d
040 ## - FUENTE DE LA CATALOGACIÓN
Centro/agencia transcriptor CHAP
100 1# - ENTRADA PRINCIPAL--NOMBRE DE PERSONA
9 (RLIN) 185146
Nombre de persona Cruz Aguila, Jacqueline
245 10 - MENCIÓN DE TÍTULO
Título Pruebas in vitro de extractos vegetales de cinco plantas contra Haemonchus contortus /
Mención de responsabilidad, etc. por Jacqueline Cruz Aguila; director de tesis Roberto González Garduño.
264 #1 - PRODUCCIÓN, PUBLICACIÓN, DISTRIBUCIÓN, FABRICACIÓN Y COPYRIGHT
Producción, publicación, distribución, fabricación y copyright Tabasco, México :
Nombre del de productor, editor, distribuidor, fabricante El autor,
Fecha de producción, publicación, distribución, fabricación o copyright 2018.
300 ## - DESCRIPCIÓN FÍSICA
Extensión 1 recurso en línea (64 páginas).
Otras características físicas cuadros, figuras.
336 ## - TIPO DE CONTENIDO
Fuente rdacontent
Término de tipo de contenido texto
Código de tipo de contenido txt
337 ## - TIPO DE MEDIO
Fuente rdamedia
Nombre/término del tipo de medio computadora
Código del tipo de medio c
338 ## - TIPO DE SOPORTE
Fuente rdacarrier
Nombre/término del tipo de soporte recurso en línea
Código del tipo de soporte cr
502 ## - NOTA DE TESIS
Tipo de título Ingeniero Agrónomo Especialista en Zonas Tropicales
Nombre de la institución que otorga el título Unidad Regional Universitaria Sursureste,
Año de obtención del título 2018.
Información miscelánea Licenciatura
504 ## - NOTA DE BIBLIOGRAFÍA, ETC.
Nota de bibliografía, etc. Incluye referencias bibliográficas : i-xii.
520 ## - SUMARIO, ETC.
Sumario, etc. Debido al incremento de la resistencia antihelmíntica (RA) se han buscado nuevas opciones para el control de nematodos gastrointestinales (NGI), una de las más importantes es el uso de plantas bioactivas. En este estudio se evaluó la capacidad antihelmíntica de extractos hidroalcohólicos (HA) e hidrotérmicos (HT) de cinco plantas y se determinó la dosis letal de cada uno. Se utilizaron dos tipos de bioensayos, la prueba de eclosión de huevos y la prueba de mortalidad larval. Las plantas evaluadas fueron Leucaena leucocephala, Gliricidia sepium, Piper auritum, Origanum vulgare y Curcuma longa; utilizando dos métodos de extracción. Los huevos y larvas (L1), fueron incubados y expuestos a 3.12, 6.25, 12.5, 25 y 50 mg ml-1 de cada extracto. De los diez extractos evaluados, solo cuatro de ellos inhibieron la eclosión de huevos de manera dependiente a la dosis. Las mejores dosis letales promedio (DL50) fueron 17.69 mg ml-1 para G. sepium y 24.47 mg ml-1 para C. longa, ambos extractos hidrotérmicos. Se observaron diferencias en la actividad ovicida de acuerdo con el método de extracción, para C. longa extracto hidrotérmico la DL99 fue de 83.74 mg ml-1 y para C. longa extracto hidroalcohólico 100.96 mg ml-1. En la prueba de mortalidad larval, el extracto de P. auritum (HA), G. sepium (HT), L. leucocephala (HA) (71.44, 37.88, 75.76 mg ml-1, DL50 respectivamente) causaron un aumento significativo en la mortalidad de larvas. En general, el mejor extracto fue del de G. sepium (HT) con DL99 de 60.42 mg ml-1, para inhibir la eclosión de huevos y 100.11 mg ml-1 en la mortalidad larval.
650 #4 - PUNTO DE ACCESO ADICIONAL DE MATERIA--TÉRMINO DE MATERIA
9 (RLIN) 186805
Término de materia o nombre geográfico como elemento de entrada Extractos vegetales
Subdivisión general Efecto en nemátodos
650 #4 - PUNTO DE ACCESO ADICIONAL DE MATERIA--TÉRMINO DE MATERIA
9 (RLIN) 126180
Término de materia o nombre geográfico como elemento de entrada Nemátodos
Subdivisión general Control
700 1# - PUNTO DE ACCESO ADICIONAL--NOMBRE DE PERSONA
9 (RLIN) 48938
Nombre de persona González Garduño, Roberto
Término indicativo de función/relación Director de tesis.
856 ## - LOCALIZACIÓN Y ACCESO ELECTRÓNICOS
Identificador Uniforme del Recurso http://10.13.5.2/tesis/tl/Cruz_Aguila_Jacqueline.pdf
Nota pública DESCARGAR PDF
942 ## - ELEMENTOS DE PUNTO DE ACCESO ADICIONAL (KOHA)
Fuente del sistema de clasificación o colocación Clasificación Universidad Autónoma Chapingo
Tipo de ítem Koha Tesis digital
Holdings
Estado de retiro Estado de pérdida Fuente del sistema de clasificación o colocación Estado dañado Restricciones de uso No para préstamo Código de colección Localización permanente Ubicación/localización actual Ubicación en estantería Fecha de adquisición Total de préstamos Signatura topográfica completa Fecha visto por última vez Precio válido a partir de Tipo de ítem Koha
    Clasificación Universidad Autónoma de Chapingo   Préstamo interno   Tesis digitales de Licenciatura Biblioteca Digital Biblioteca Digital En línea 26/04/2023   Tesis digital 26/04/2023 26/04/2023 Tesis digital